Indian States and Union Territories by Emojis - Statistics

General Stats
  • This quiz has been taken 389 times
  • The average score is 11 of 14
Answer Stats
First Letter State/Union Territory % Correct
U Uttar Pradesh
93%
G Goa
88%
P Punjab
88%
G Gujarat
79%
W West Bengal
79%
R Rajasthan
77%
J Jammu and Kashmir
76%
K Kerala
76%
A Andaman and Nicobar Islands
75%
T Tamil Nadu
73%
M Maharashtra
71%
A Assam
64%
H Himachal Pradesh
62%
M Madhya Pradesh
57%
No matching quizzes found
Score Distribution
Percent of People with Each Score
Percentile by Number Answered
Your Score History
You have not taken this quiz